000 00538 a2200169 4500
005 20250325113259.0
008 250304b |||||||| |||| 00| 0 eng d
020 _a9781484284308
080 _a004.438JAVA
_bFLU/J
100 _aFlurry, Greg
245 _aJava on the Raspberry Pi
_b: develop Java programs to control devices for Robotics, IoT, and beyond
260 _bApress
_a Berkeley
_c2021
300 _axxi,558p.
653 _a Raspberry Pi (Computer) -- Programming
653 _aJava (Computer program language)
942 _cBK
999 _c114030
_d114029